| 000 -LEADER |
| fixed length control field |
00725nam a2200229 4500 |
| 001 - CONTROL NUMBER |
| control field |
21775 |
| 003 - CONTROL NUMBER IDENTIFIER |
| control field |
BD-DhUAP |
| 005 - DATE AND TIME OF LATEST TRANSACTION |
| control field |
20230606123253.0 |
| 008 - FIXED-LENGTH DATA ELEMENTS--GENERAL INFORMATION |
| fixed length control field |
230403b2002 ny a|||| |||| 001 0ceng d |
| 020 ## - INTERNATIONAL STANDARD BOOK NUMBER |
| International Standard Book Number |
9780393975802 |
| 020 ## - INTERNATIONAL STANDARD BOOK NUMBER |
| International Standard Book Number |
0393975800 |
| 040 ## - CATALOGING SOURCE |
| Original cataloging agency |
BD-DhUAP |
| Language of cataloging |
Eng |
| Transcribing agency |
BD-DhUAP |
| Modifying agency |
BD-DhUAP |
| 082 ## - DEWEY DECIMAL CLASSIFICATION NUMBER |
| Edition number |
23 |
| Classification number |
829.3 HEA |
| 100 ## - MAIN ENTRY--PERSONAL NAME |
| Personal name |
Heaney,Seamus. |
| 245 ## - TITLE STATEMENT |
| Title |
Beowulf / |
| Remainder of title |
a verse translation : authoritative text, contexts, criticism. |
| Statement of responsibility, etc. |
Seamus Heaney. |
| 250 ## - EDITION STATEMENT |
| Edition statement |
1st ed. |
| 260 ## - PUBLICATION, DISTRIBUTION, ETC. |
| Place of publication, distribution, etc. |
New York, |
| Name of publisher, distributor, etc. |
Norton & Company; |
| Date of publication, distribution, etc. |
c2002. |
| 300 ## - PHYSICAL DESCRIPTION |
| Extent |
xxxviii, 256 p. : |
| Other physical details |
ill. ; |
| Dimensions |
22 cm. |
| 504 ## - BIBLIOGRAPHY, ETC. NOTE |
| Bibliography, etc. note |
Includes bibliographical references. |
| 650 ## - SUBJECT ADDED ENTRY--TOPICAL TERM |
| Topical term or geographic name entry element |
Epic poetry, English (Old) |
| General subdivision |
History and criticism. |
| 942 ## - ADDED ENTRY ELEMENTS (KOHA) |
| Source of classification or shelving scheme |
|
| Koha item type |
Book |